Phân tích các nhân tố ảnh hưởng đến hiệu quả sản xuất mía của nông hộ trên địa bàn tỉnh Hậu Giang : Luận văn thạc sĩ. Chuyên ngành Kinh tế Nông nghiệp

Đề tài phân tích hiệu quả kinh tế sản xuất mía của nông hộtrên địa bàn tỉnh Hậu Giang. Trên cơ sở đó đề xuất những giải pháp phù hợp góp phần vào việc đảm bảo sản xuất có hiệu quả, tăng hiệu quả kinh tế trong việc sản xuất mía của n...

全面介绍

Đã lưu trong:
书目详细资料
主要作者: Hồ, Thị Thu Thảo
格式: 图书
语言:Undetermined
出版: Cần Thơ Trường Đại học Cần Thơ 2016
主题:
标签: 添加标签
没有标签, 成为第一个标记此记录!
Thư viện lưu trữ: Trung tâm Học liệu Trường Đại học Cần Thơ
LEADER 01297nam a2200229Ia 4500
001 CTU_212748
008 210402s9999 xx 000 0 und d
082 |a 338.16 
082 |b Th108 
088 |a 60620115 
100 |a Hồ, Thị Thu Thảo 
245 0 |a Phân tích các nhân tố ảnh hưởng đến hiệu quả sản xuất mía của nông hộ trên địa bàn tỉnh Hậu Giang : 
245 0 |b Luận văn thạc sĩ. Chuyên ngành Kinh tế Nông nghiệp 
245 0 |c Hồ Thị Thu Thảo ; Bùi Văn Trịnh (Hướng dẫn khoa học) 
260 |a Cần Thơ 
260 |b Trường Đại học Cần Thơ 
260 |c 2016 
520 |a Đề tài phân tích hiệu quả kinh tế sản xuất mía của nông hộtrên địa bàn tỉnh Hậu Giang. Trên cơ sở đó đề xuất những giải pháp phù hợp góp phần vào việc đảm bảo sản xuất có hiệu quả, tăng hiệu quả kinh tế trong việc sản xuất mía của nông hộ 
650 |a Agriculture,Nông nghiệp 
650 |x Economic aspects,Khía cạnh kinh tế 
904 |i Nguyên 
980 |a Trung tâm Học liệu Trường Đại học Cần Thơ